Science Quiz

Random Science or Animal Quiz
Score 0/20 Timer 05:00
1 Play Today
# Animal % Correct
3Frog
96.9%
1Elephant
94.6%
14Snake
89.3%
17Human
88.5%
9Crocodile
88.1%
18Giraffe
86.1%
15Gorilla
82.5%
12Horse
74.5%
4Chimpanzee
74.4%
10Deer
73.4%
# Animal % Correct
20Penguin
69.8%
13Dog
67.3%
6Lion
66.4%
8Cat
60.3%
11Cow
58.7%
16Dolphin
57.4%
5Goat
57.2%
2Pig
50.3%
19Camel
43.3%
7Sea Lion
34.3%
Remove Ads.
Support Sporcle.
Get the best of Sporcle when you Go Orange. This ad-free experience offers more features, more stats, and more fun while also helping to support Sporcle. Thank you for becoming a member.

You're not logged in!

Compare scores with friends on all Sporcle quizzes.
OR
Log In

Sporcle TV

Today on Sporcle TV


Watch our educational content, quiz creation guides, and fun videos on Sporcle TV.

Show Comments

Extras

Top Quizzes Today


Score Distribution

Paid Content

Your Account Isn't Verified!

In order to create a playlist on Sporcle, you need to verify the email address you used during registration. Go to your Sporcle Settings to finish the process.

Report this User

Report this user for behavior that violates our Community Guidelines.

Details: